| 000 | 00554nam a22001937a 4500 | ||
|---|---|---|---|
| 005 | 20251108170041.0 | ||
| 008 | 250721s1995 xx 000 0 ara d | ||
| 082 | 1 | 4 | _aط/ق/مجد |
| 100 | 1 | _aصابر، مجدي | |
| 245 | 1 | 0 | _aالمهرج الصغير / |
| 264 | 1 |
_aالقاهرة : _bدار الجيل، _c1995. |
|
| 300 | _a32ص | ||
| 490 | 0 | _aمكتبة العصفور الصغير،15 | |
| 650 | 1 | 7 | _aالأدب العربي |
| 650 | 1 | 7 | _aالقصص العربية |
| 650 | 1 | 7 | _aأدب الأطفال |
| 942 |
_2ddc _cBK |
||
| 999 |
_c38446 _d38446 |
||